[Event "Chigorin Memorial 30th"]
[Site "St Petersburg"]
[Date "2023.10.29"]
[Round "9"]
[White "Nikishin, Igor"]
[Black "Makhina, Viktoria"]
[Result "1-0"]
[WhiteElo "1681"]
[BlackElo "1464"]
[PlyCount "89"]
[EventDate "2023.10.21"]
[EventType "swiss"]
[EventRounds "9"]
[EventCountry "RUS"]
[SourceTitle "Mega2024 Update 01"]
[Source "Chessbase"]
[SourceDate "2023.11.12"]
[SourceVersion "1"]
[SourceVersionDate "2023.11.12"]
[SourceQuality "1"]

1. Nf3 d5 2. d4 Nf6 3. c4 e6 4. g3 dxc4 5. Bg2 Bb4+ 6. Bd2 c5 7. Bxb4 cxb4 8. Ne5 0-0 9. a3 bxa3 10. Nxa3 Nd5 11. Naxc4 f6 12. Nf3 Nc6 13. e4 Ndb4 14. 0-0 a6 15. Qd2 b5 16. Ne3 Qe7 17. d5 exd5 18. exd5 Rd8 19. Qc3 Na7 20. d6 Qxd6 21. Rad1 Qe7 22. Rxd8+ Qxd8 23. Qxb4 Bb7 24. Nd4 Bxg2 25. Kxg2 a5 26. Qc5 Qd7 27. Rd1 Rd8 28. Nf3 Qc8 29. Rxd8+ Qxd8 30. Qxa7 g6 31. Qb7 b4 32. Qd5+ Qxd5 33. Nxd5 Kf7 34. Nd4 f5 35. b3 h6 36. Nc6 a4 37. bxa4 b3 38. Nc3 Ke6 39. Nd4+ Ke5 40. Nxb3 g5 41. a5 f4 42. gxf4+ gxf4 43. a6 f3+ 44. Kxf3 Kd6 45. a7 1-0

[Event "St Petersburg Korchnoi Memorial op"]
[Site "St Petersburg"]
[Date "2023.08.23"]
[Round "8"]
[White "Karpenko, Anton"]
[Black "Nikishin, Igor"]
[Result "1-0"]
[WhiteElo "1868"]
[BlackElo "1609"]
[PlyCount "121"]
[EventDate "2023.08.18"]
[EventType "swiss"]
[EventRounds "9"]
[EventCountry "RUS"]
[SourceTitle "EXT 2024"]
[Source "ChessBase"]
[SourceDate "2023.10.10"]
[SourceVersion "1"]
[SourceVersionDate "2023.10.10"]
[SourceQuality "1"]

1. d4 d5 2. c4 e6 3. Nf3 Nf6 4. g3 Be7 5. Bg2 0-0 6. 0-0 c6 7. Qc2 Nbd7 8. Rd1 b6 9. b3 Bb7 10. Nc3 Rc8 11. e4 dxe4 12. Nxe4 c5 13. Nxf6+ Bxf6 14. Ng5 Bxg5 15. Bxb7 Rc7 16. dxc5 Bxc1 17. Raxc1 Rxb7 18. c6 Rc7 19. cxd7 Rxd7 20. Rxd7 Qxd7 21. Rd1 Qe7 22. Qd2 Qa3 23. Qc2 h6 24. Rd7 Qa5 25. Qd2 Qa3 26. Rb7 Qa6 27. Rc7 Qa3 28. h4 Kh8 29. Rb7 Kg8 30. Rc7 Kh8 31. b4 Kg8 32. Kg2 Re8 33. b5 Rf8 34. Qc2 Qa5 35. Qb3 Rd8 36. a3 Rf8 37. Qb4 Qxb4 38. axb4 Ra8 39. Kf3 a6 40. bxa6 Rxa6 41. b5 Ra8 42. Ke4 Rb8 43. h5 Kf8 44. Ke5 Ke8 45. g4 Kf8 46. f4 Ke8 47. g5 hxg5 48. fxg5 Rd8 49. g6 fxg6 50. hxg6 Rd7 51. Rc6 Rd1 52. Rxe6+ Kd7 53. Rxb6 Re1+ 54. Kd5 Rd1+ 55. Kc5 Kc7 56. Rc6+ Kd7 57. Ra6 Ke7 58. b6 Rb1 59. Ra5 Kd7 60. Rb5 Rxb5+ 61. Kxb5 1-0

[Event "St Petersburg Korchnoi Memorial op"]
[Site "St Petersburg"]
[Date "2023.08.21"]
[Round "5"]
[White "Nikishin, Igor"]
[Black "Kozyakov, Andrey"]
[Result "1/2-1/2"]
[WhiteElo "1609"]
[BlackElo "1824"]
[PlyCount "154"]
[EventDate "2023.08.18"]
[EventType "swiss"]
[EventRounds "9"]
[EventCountry "RUS"]
[SourceTitle "EXT 2024"]
[Source "ChessBase"]
[SourceDate "2023.10.10"]
[SourceVersion "1"]
[SourceVersionDate "2023.10.10"]
[SourceQuality "1"]

1. d4 d5 2. c4 c6 3. Nf3 Nf6 4. g3 Bf5 5. Bg2 e6 6. 0-0 h6 7. Nc3 Be7 8. Qb3 Qb6 9. c5 Qxb3 10. axb3 Na6 11. h3 0-0 12. Bf4 Nd7 13. g4 Bh7 14. Bg3 Bf6 15. Rfd1 Rfe8 16. Ra5 Bd8 17. Raa1 Bc7 18. Bxc7 Nxc7 19. b4 a6 20. e3 e5 21. dxe5 Nxe5 22. Nxe5 Rxe5 23. Ne2 f5 24. gxf5 Bxf5 25. Nd4 Rf8 26. Rd2 Ne6 27. Nxe6 Bxe6 28. Re1 Rh5 29. e4 dxe4 30. Rxe4 Bd5 31. Rg4 Re8 32. Bxd5+ Rxd5 33. Rxd5 cxd5 34. Kf1 Kf7 35. b5 axb5 36. Rb4 Re7 37. Rxb5 Kf6 38. Ra5 Ke5 39. Ra7 Rc7 40. c6 Rxc6 41. Rxb7 g5 42. Ke2 Rc2+ 43. Ke3 d4+ 44. Kd3 Rxf2 45. Re7+ Kf6 46. Rd7 Rf3+ 47. Kxd4 Rxh3 48. Ke4 Rh4+ 49. Kf3 Rf4+ 50. Kg3 Ke5 51. Rh7 Rf6 52. Rb7 Kf5 53. b4 h5 54. Rb5+ Kg6 55. Rc5 h4+ 56. Kg2 Rf4 57. b5 Rb4 58. Kh3 Kh5 59. Rd5 Rb3+ 60. Kg2 h3+ 61. Kh2 Kh4 62. Rd4+ g4 63. Ra4 Rxb5 64. Rc4 Rb2+ 65. Kg1 Re2 66. Ra4 Kg3 67. Ra3+ Kf4 68. Ra4+ Re4 69. Ra8 Kf3 70. Rf8+ Kg3 71. Rf1 Kh4 72. Rf8 g3 73. Rh8+ Kg4 74. Rg8+ Kf3 75. Rf8+ Rf4 76. Rg8 g2 77. Rg3+ Kxg3 1/2-1/2

[Event "St Petersburg Korchnoi Memorial op"]
[Site "St Petersburg"]
[Date "2023.08.21"]
[Round "6"]
[White "Nochovniy, Vladimir Nikolaevic"]
[Black "Nikishin, Igor"]
[Result "1/2-1/2"]
[WhiteElo "1928"]
[BlackElo "1609"]
[PlyCount "108"]
[EventDate "2023.08.18"]
[EventType "swiss"]
[EventRounds "9"]
[EventCountry "RUS"]
[SourceTitle "EXT 2024"]
[Source "ChessBase"]
[SourceDate "2023.10.10"]
[SourceVersion "1"]
[SourceVersionDate "2023.10.10"]
[SourceQuality "1"]

1. d4 d5 2. c4 e6 3. Nc3 Nf6 4. Nf3 c6 5. e3 Nbd7 6. Bd3 dxc4 7. Bxc4 b5 8. Bd3 Bb7 9. 0-0 a6 10. a3 c5 11. b3 cxd4 12. exd4 Nb6 13. Qe2 Be7 14. Ne4 Bxe4 15. Bxe4 Nxe4 16. Qxe4 Qd5 17. Re1 Qxe4 18. Rxe4 Nd5 19. Bd2 Rc8 20. Ree1 0-0 21. a4 b4 22. Rac1 a5 23. Ne5 Nc3 24. Nc4 Rfd8 25. Nxa5 Rxd4 26. Bxc3 bxc3 27. Rc2 Bf6 28. Nc4 Rdd8 29. Kf1 Rc7 30. a5 Rc5 31. Ra1 Rb5 32. Rb1 Rdb8 33. Nb6 Bd4 34. b4 h6 35. Ke2 Bxb6 36. axb6 R8xb6 37. Rxc3 Rxb4 38. Rbc1 Rb2+ 39. R1c2 Rxc2+ 40. Rxc2 Kh7 41. f3 h5 42. Kf2 g6 43. h4 Kg7 44. Rc4 Kf6 45. Rc5 Rb2+ 46. Kg3 Ra2 47. Rb5 Ra6 48. Kf4 Ra4+ 49. Kg3 Ra2 50. Rb8 Ra6 51. Kf4 Ra4+ 52. Kg3 Rc4 53. Rb5 Rd4 54. Ra5 Rc4 1/2-1/2

[Event "Chigorin Memorial 29th"]
[Site "St Petersburg"]
[Date "2022.10.28"]
[Round "7"]
[White "Nikishin, Igor"]
[Black "Veliev, Gasan"]
[Result "0-1"]
[WhiteElo "1671"]
[BlackElo "2157"]
[PlyCount "162"]
[EventDate "2022.10.22"]
[EventType "swiss"]
[EventRounds "9"]
[EventCountry "RUS"]
[SourceTitle "EXT 2024"]
[Source "ChessBase"]
[SourceDate "2023.10.10"]
[SourceVersion "1"]
[SourceVersionDate "2023.10.10"]
[SourceQuality "1"]

1. d4 Nf6 2. Nf3 b6 3. g3 Bb7 4. Bg2 g6 5. c4 Bg7 6. 0-0 0-0 7. Nc3 Ne4 8. Qc2 Nxc3 9. bxc3 Na6 10. e4 c5 11. d5 d6 12. Bb2 Nb8 13. Nd2 Nd7 14. f4 Qc7 15. Rae1 Rad8 16. Rf2 Bc8 17. Rfe2 a6 18. a4 Qb8 19. Qd3 e5 20. f5 f6 21. g4 Bh6 22. Nf3 Bf4 23. Bc1 g5 24. Rb2 Qc7 25. Be3 h6 26. Kf2 Kg7 27. h4 Rh8 28. h5 Bxe3+ 29. Kxe3 Bb7 30. Reb1 Rb8 31. Ne1 b5 32. axb5 axb5 33. Bf1 b4 34. Nc2 Ra8 35. Kf3 Ra7 36. cxb4 cxb4 37. Rxb4 Nc5 38. Qe3 Rha8 39. Be2 Bc8 40. Kg2 Bd7 41. Kh2 Kf7 42. Kg2 Ke7 43. Kh2 Kd8 44. Kg2 Kc8 45. Kh2 Ra2 46. R1b2 Qa5 47. Bd1 Kc7 48. Kh1 Rxb2 49. Rxb2 Rb8 50. Rxb8 Kxb8 51. Kg2 Qa2 52. Qe2 Qb2 53. Kf3 Kc7 54. Qe3 Ba4 55. Qd2 Nb3 56. Qf2 Qc3+ 57. Kg2 Nc5 58. Qe2 Bb3 59. Na3 Bxd1 60. Nb5+ Kb6 61. Qxd1 Qxc4 62. Nxd6 Qa2+ 63. Kh1 Nb3 64. Qg1+ Nd4 65. Qc1 Qe2 66. Qb1+ Kc5 67. Nb7+ Kc4 68. Na5+ Kc3 69. Qc1+ Nc2 70. Qg1 Qxe4+ 71. Qg2 Qe1+ 72. Kh2 Ne3 73. Qf3 e4 74. Qh3 Qf2+ 75. Kh1 Kd4 76. d6 Qe1+ 77. Kh2 Qxa5 78. d7 Qc7+ 79. Kg1 Qxd7 80. Qh2 Kc3 81. Qe2 Qd1+ 0-1

[Event "Chigorin Memorial 29th"]
[Site "St Petersburg"]
[Date "2022.10.26"]
[Round "5"]
[White "Nikishin, Igor"]
[Black "Borsch, Sergey"]
[Result "1-0"]
[WhiteElo "1671"]
[BlackElo "1899"]
[PlyCount "99"]
[EventDate "2022.10.22"]
[EventType "swiss"]
[EventRounds "9"]
[EventCountry "RUS"]
[SourceTitle "EXT 2024"]
[Source "ChessBase"]
[SourceDate "2023.10.10"]
[SourceVersion "1"]
[SourceVersionDate "2023.10.10"]
[SourceQuality "1"]

1. d4 d5 2. c4 dxc4 3. Nf3 Nf6 4. e3 a6 5. Bxc4 e6 6. Nc3 c5 7. 0-0 cxd4 8. exd4 b5 9. Bb3 Bb7 10. Bg5 Be7 11. d5 Nxd5 12. Bxd5 Bxd5 13. Bxe7 Kxe7 14. Nxd5+ Qxd5 15. Qc1 Rd8 16. Qc2 Qf5 17. Qc3 Kf8 18. Ne5 Qf6 19. Rad1 Qe7 20. Rxd8+ Qxd8 21. Nxf7 Qd5 22. Ne5 Ke7 23. Nd3 Kf7 24. Ne5+ Ke7 25. Re1 Ra7 26. Qg3 Ke8 27. Qc3 Re7 28. Qc8+ Qd8 29. Rc1 g6 30. h4 a5 31. b3 Nd7 32. Qxd8+ Kxd8 33. Nc6+ Ke8 34. Nxe7 Kxe7 35. Rc6 a4 36. bxa4 bxa4 37. Ra6 Nc5 38. Ra7+ Kd6 39. Rxh7 Ne4 40. Ra7 Nc3 41. a3 Kc5 42. g4 Kc4 43. h5 gxh5 44. gxh5 Kb3 45. h6 Ne2+ 46. Kf1 Nf4 47. h7 Ng6 48. Rg7 Nh8 49. Rg8 Nf7 50. Rg3+ 1-0

[Event "Chigorin Memorial 29th"]
[Site "St Petersburg"]
[Date "2022.10.22"]
[Round "1"]
[White "Nikishin, Igor"]
[Black "Kazmin, Semen"]
[Result "0-1"]
[WhiteElo "1671"]
[BlackElo "2230"]
[PlyCount "86"]
[EventDate "2022.10.22"]
[EventType "swiss"]
[EventRounds "9"]
[EventCountry "RUS"]
[SourceTitle "EXT 2024"]
[Source "ChessBase"]
[SourceDate "2023.10.10"]
[SourceVersion "1"]
[SourceVersionDate "2023.10.10"]
[SourceQuality "1"]

1. d4 Nf6 2. Nf3 e6 3. c4 c5 4. g3 cxd4 5. Nxd4 d5 6. Bg2 e5 7. Nf3 e4 8. Nd4 Bb4+ 9. Nc3 Bxc3+ 10. bxc3 Qa5 11. 0-0 dxc4 12. Qc2 0-0 13. a4 Nc6 14. Be3 Ne5 15. Nb5 Bf5 16. Bd4 Ned7 17. Nd6 Bg6 18. Nxc4 Qa6 19. Ne3 Rac8 20. Rfd1 Rfe8 21. Bh3 Rc7 22. Bxd7 Nxd7 23. Nd5 Rcc8 24. Ne3 Nf8 25. c4 Ne6 26. Qc3 Red8 27. a5 f6 28. Rac1 Bh5 29. Nf5 Kf7 30. c5 Bxe2 31. Rd2 Bg4 32. Ne3 Bh3 33. Rcd1 Ng5 34. Rb2 Rc7 35. Qb3+ Be6 36. Qb4 Rcd7 37. Rbd2 Bh3 38. Qb3+ Kg6 39. Qc3 Nf3+ 40. Kh1 Nxd2 41. Rxd2 Qb5 42. Rb2 Qa4 43. Rb4 Rxd4 0-1